| Tag |
First Indicator |
Second Indicator |
Subfields |
| LEADER |
00000cam a2200000 a 4500 |
| 001 |
in00001349921 |
| 005 |
20151006062803.0 |
| 008 |
960822s1997 wiu b s001 0 eng |
| 010 |
|
|
|a 96042533
|
| 020 |
|
|
|a 0299154106 (cloth : alk. paper)
|
| 020 |
|
|
|a 0299154149 (paper : alk. paper)
|
| 035 |
|
|
|a (OCoLC)35364781
|
| 035 |
|
|
|9 AHG7711AM
|
| 040 |
|
|
|a DLC
|c DLC
|d PRC
|d C#P
|d TXA
|d UtOrBLW
|
| 043 |
|
|
|a n-us---
|
| 049 |
|
|
|a TXAM
|
| 050 |
0 |
0 |
|a PS25
|b .J395 1997
|
| 082 |
0 |
0 |
|a 810.9
|2 20
|
| 100 |
1 |
|
|a Jay, Paul,
|d 1946-
|
| 245 |
1 |
0 |
|a Contingency blues :
|b the search for foundations in American criticism /
|c Paul Jay.
|
| 264 |
|
1 |
|a Madison :
|b University of Wisconsin Press,
|c [1997]
|
| 264 |
|
4 |
|c ©1997
|
| 300 |
|
|
|a x, 221 pages ;
|c 24 cm.
|
| 336 |
|
|
|a text
|b txt
|2 rdacontent
|
| 337 |
|
|
|a unmediated
|b n
|2 rdamedia
|
| 338 |
|
|
|a volume
|b nc
|2 rdacarrier
|
| 490 |
1 |
|
|a The Wisconsin project on American writers
|
| 504 |
|
|
|a Includes bibliographical references (pages 210-216) and index.
|
| 650 |
|
0 |
|a American literature
|x History and criticism
|x Theory, etc.
|
| 650 |
|
0 |
|a Modernism (Literature)
|z United States.
|
| 650 |
|
0 |
|a Criticism
|z United States
|x History.
|
| 650 |
|
0 |
|a Pragmatism.
|
| 830 |
|
0 |
|a Wisconsin project on American writers.
|
| 999 |
|
|
|a MARS
|
| 999 |
f |
f |
|s 633ee7e9-a51f-3164-8ffe-1e6cb66de12c
|i 5b198319-077f-3f9b-ac39-492de4e8246a
|t 0
|
| 952 |
f |
f |
|p ric
|a Texas A&M University
|b Rellis Campus
|c Joint Library Facility
|d Remote Storage
|t 0
|e PS25 .J395 1997
|h Library of Congress classification
|i unmediated -- volume
|m A14821124858
|
| 998 |
f |
f |
|a PS25 .J395 1997
|t 0
|l Remote Storage
|